Buddhism for dummies

Bibliographic Details
Main Author: Landaw, Jonathan
Other Authors: Bodian, Stephan
Format: Book
Published: England : Wiley Publishers , 2003
Series:For dummies
Subjects:

MARC

LEADER 00000cam a2200000 7i4500
001 0000027616
005 20091008.0
008 091008
020 |a 0764553593 
090 0 0 |a 294.3   |b LAN 
100 0 |a Landaw, Jonathan 
245 1 0 |a Buddhism for dummies   |c Jonathan Landaw 
260 |a England :   |b Wiley Publishers ,   |c 2003 
490 1 |a For dummies 
650 0 |a Buddhism 
700 1 |a Bodian, Stephan 
999 |a 0001060570   |b Book   |c Adult Collection   |e Perbadanan Perpustakaan Awam Johor